Ve stínu Zehyrů /
Uloženo v:
| Série: | Kallenie,
část 1 |
|---|---|
| Hlavní autor: | |
| Médium: | E-kniha |
| Jazyk: | Czech |
| Vydáno: |
Brno :
Tribun EU,
2008
|
| Vydání: | V Tribunu EU vyd. 1. |
| Edice: | Knihovnicka.cz
|
| Témata: | |
| Příbuzné jednotky: | Z cyklu::
Kallenie |
| Tagy: |
Žádné tagy |
| LEADER | 01420nam a2200373 a 4500 | ||
|---|---|---|---|
| 001 | 292837 | ||
| 003 | CZ PrSKC | ||
| 005 | 20260407070748.0 | ||
| 007 | ta | ||
| 008 | 080616s2008 xr g 000 f cze | ||
| 015 | |a cnb001808627 | ||
| 020 | |a 9788073994310 |q (brož.) | ||
| 035 | |a (OCoLC)259736901 | ||
| 040 | |a OLA001 |b cze |d ABA001 | ||
| 072 | 7 | |a 821.162.3-3 |x Česká próza |2 Konspekt | |
| 080 | |a 821.162.3-31 |2 MRF | ||
| 080 | |a (0:82-312.9) |2 MRF | ||
| 100 | 1 | |a Grim, Jiří, |d 1960- |7 mzk2008459033 |4 aut | |
| 245 | 1 | 0 | |a Ve stínu Zehyrů / |c Jiří Grim |
| 250 | |a V Tribunu EU vyd. 1. | ||
| 260 | |a Brno : |b Tribun EU, |c 2008 | ||
| 300 | |a 206 s. ; |c 18 cm | ||
| 490 | 1 | |a Knihovnicka.cz | |
| 655 | 7 | |a české romány |7 fd133974 |2 czenas | |
| 655 | 7 | |a fantasy romány |7 fd184199 |2 czenas | |
| 655 | 9 | |a Czech fiction |2 eczenas | |
| 655 | 9 | |a fantasy novels |2 eczenas | |
| 830 | 0 | |a Knihovnicka.cz | |
| 900 | |a ABA001 |b 17 | ||
| 044 | |a xr | ||
| 787 | 0 | 8 | |g 1 |i Z cyklu: |t Kallenie |
| 910 | |a RBIT002 | ||
| 998 | |d 5948 |a https://core.palmknihy.cz/api/books/5948/cover?2x7sor |b https://core.palmknihy.cz/api/books/5948/cover/400?d7l2nw |c https://core.palmknihy.cz/api/books/5948/cover/50?7h6jag |e 2052-09-02 |g 208 |i 9788073994310 |j https://core.palmknihy.cz/api/books/5948/preview.epub |k https://core.palmknihy.cz/api/books/5948/preview.pdf |l |q 49 |r 1 |s https://www.palmknihy.cz/kniha/5948 |t ebook |y 2013 |z 0 |v Kallenie |w 1 | ||
| 999 | |d 292835 | ||